• 首页
  • 本馆介绍
  • 公告通知
  • 最新文献
  • 馆藏检索
  • 电子资源
  • 读者导购
  • 参考咨询
  • 我的图书馆
  • 登录
  • 详细信息显示
  • 放入我的书架
  • 预约/预借图书
  • 作者相关作品
  • 分类相关作品
  • 丛书相关作品
  • 出版社相关作品

书目信息

  • 表格格式
  • 工作单格式
  • 卡片格式
题名:
跟任何人都聊得来
    
 
作者: 赵全 著
分册:  
出版信息: 北京   中国致公出版社  2017
页数: 241页
开本: 24cm
丛书名:
单 册:
中图分类: C912.11-49 , C912.1-49
科图分类:
主题词: 人际关系学--Ren Ji Guan Xi Xue--通俗读物
电子资源:
ISBN: 978-7-5145-1018-8
000 00906nam0 2200265 45
001 012001007143
005 20131018155330.0
010    @a978-7-5145-1018-8@dCNY36.80
099    @aCAL 012018027022
100    @a20171221d2017 em y0chiy50 ea
101 0  @achi
102    @aCN@b110000
105    @ay z 000yy
106    @ar
200 1  @a跟任何人都聊得来@AGen Ren He Ren Dou Liao De Lai@f赵全著
210    @a北京@c中国致公出版社@d2017@h2018重印
215    @a241页@d24cm
330    @a本书共分为十章,其主要内容包括:言之有“教”:会聊天是一种修养;言之有“法”:好的开场白是成功的一半;言之有“节”:倾听是最好的沟通;言之有“物”:把话说到心窝里等。
333    @a一般读者
606 0  @a人际关系学@ARen Ji Guan Xi Xue@j通俗读物
690    @aC912.11-49@v5
690    @aC912.1-49@v4
701  0 @a赵全@AZhao Quan@4著
801  2 @aCN@b上海新华@c20191020
905    @b1176107-10@dC912.11-49@e1570@f4
    
    跟任何人都聊得来/赵全著.-北京:中国致公出版社,2017(2018重印)
    241页;24cm
    使用对象:一般读者
    
    ISBN 978-7-5145-1018-8:CNY36.80
    本书共分为十章,其主要内容包括:言之有“教”:会聊天是一种修养;言之有“法”:好的开场白是成功的一半;言之有“节”:倾听是最好的沟通;言之有“物”:把话说到心窝里等。
●
相关链接 在E读中查询图书 在五车中查询图书 在当当中查询图书 在豆瓣中查询图书


正题名:跟任何人都聊得来     索取号:C912.11-49/1570         预约/预借

序号 登录号 条形码 馆藏地/架位号 状态 备注
1 1176107   211761075   第一样本阅览室/ [索取号:C912.11-49/1570] 在馆    
2 1176108   211761084   第一借阅区/ [索取号:C912.11-49/1570] 在馆    
3 1176109   211761093   第一借阅区/ [索取号:C912.11-49/1570] 在馆    
4 1176110   211761100   第一借阅区/ [索取号:C912.11-49/1570] 在馆    
唐山师范学院图书馆 欢迎您!
大连网信软件有限公司© 版权所有